000 00361nam a2200145Ia 4500
008 210719s1915 xx 000 0 und d
041 _aeng
082 _a821.912 CHEW
100 _aCHESTERTON (G K)
245 _aWine, water and song.
260 _aLondon
_bMethuen and Company Limited
_c1915
300 _a63
_bPB
365 _cRs
650 _aEnglish Poetry
999 _c214191
_d214191